Statistics for Phoenix Suns roster 2020-2021

Click here to take the quiz!

General Stats

  • This quiz has been taken 90 times
  • The average score is 10 of 16

Answer Stats

NumberPlayer% Correct
1Devin Booker
100%
3Chris Paul
99%
22Deandre Ayton
96%
25Mikal Bridges
94%
23Cameron Johnson
91%
99Jae Crowder
90%
15Cameron Payne
84%
20Dario Saric
64%
12Torrey Craig
57%
8Frank Kaminsky
48%
4Jevon Carter
40%
10Jalen Smith
37%
11Abdel Nader
33%
55E'Twaun Moore
28%
2Langston Galloway
18%
0(TW)Ty-Shon Alexander
15%

Score Distribution

Percentile by Number Answered

Percent of People with Each Score

Your Score History

You have not taken this quiz